Sporting CP Squad 2025-2026 - Statistics

General Stats
  • This quiz has been taken 107 times
    46 since last reset
  • The average score is 21 of 29
Answer Stats
# Position Nation Player % Correct
1 GK Portugal Rui Silva
94%
25 DF Portugal Gonçalo Inácio
91%
5 MF Japan Hidemasa Morita
91%
97 FW Colombia Luis Suárez
91%
6 DF Belgium Zeno Debast
91%
10 FW Mozambique Geny Catamo
89%
20 MF Uruguay Maxi Araújo
89%
42 MF Denmark Morten Hjulmand
89%
26 DF Ivory Coast Ousmane Diomandé
89%
7 FW Portugal Geovany Quenda
86%
8 FW Portugal Pedro Gonçalves
86%
22 DF Spain Iván Fresneda
83%
17 FW Portugal Francisco Trincão
80%
27 FW Brazil Alisson Santos
77%
11 DF Portugal Nuno Santos
77%
3 DF Netherlands Jeremiah St. Juste
74%
- Coach Portugal Rui Borges
74%
89 FW Greece Fotis Ioannidis
71%
13 DF Greece Georgios Vagiannidis
71%
72 DF Portugal Eduardo Quaresma
69%
2 DF Brazil Matheus Reis
63%
12 GK Portugal João Virgínia
60%
23 MF Portugal Daniel Bragança
57%
52 MF Portugal João Simões
57%
14 MF Georgia Giorgi Kochorashvili
54%
31 FW Brazil Luís Guilherme
54%
15 FW Senegal Souleymane Faye
46%
91 DF Portugal Ricardo Mangas
29%
28 FW Portugal Rodrigo Ribeiro
17%
No matching quizzes found
Score Distribution
Percent of People with Each Score
Percentile by Number Answered
Your Score History
You have not taken this quiz since the last reset